00358nam a22001457a 4500003000400000008004100004020001800045082001500063100002000078245004400098250001600142260002500158300000800183650002100191OSt250421b |||||||| |||| 00| 0 eng d a9789388511711 a005.43 RAB aRATHEE,Priyanka aBasic Principles of an Operating System a1st Rep Ed. aNew DelhibBPBc2024 a309 aOperating System